000 00595nam a2200157Ia 4500
008 220216s9999 xx 000 0 und d
100 _aLicy J.
245 0 _aStudies on biochemical subcomponents of latex for crop improvement in Hevea
260 _bNational Symposium on Current Trends in Plant Physiology and Plant Biochemistry, 29-31 January 1998, Department of Plant Science, University of Hyderabad, India, pp. 161
_c1998
650 _aCrop improvement
650 _aLatex biochemistry
700 _aSaraswathyamma C.K.
700 _aSethuraj M.R.
700 _aThomas M.
942 _cBS
999 _c49457
_d49457